000 00613nam a22001937a 4500
999 _c9748
_d9748
003 AR-CdUCM
008 190328b ||||| |||| 00| 0 spa d
040 _aMUNICIPALIDAD PROVINCIAL DEL CUSCO
_cBIBLIOTECA MUNICIPAL DEL CUSCO
082 _a923.4 /
_bJ54 / 1930
100 _aJimenez de Asua, Luis
_99133
245 _aNotas de un confinado /
260 _aMadrid :
_bMundo Latino,
_c1930.
300 _a201 páginas ;
_c18 cm.
650 _aNarración
_9665
650 _aNota de viajes
_926173
710 _aCompañia Ibero-Americana de publicaciones
_926174
942 _2ddc
_cLIBROS
945 _apjha
_d2019-05-13